000
00341nam a2200145Ia 4500
005
20251222141833.0
008
251222s9999||||xx |||||||||||||| ||spa||
020
_a
9972920607
082
_a
739.23/T74
100
_a
Torres de la Pina, José
245
0
_a
Ayacucho:
250
_a
1ra.ed.
264
_b
Industrial Gráfica S.A.
942
_c
LIB
999
_c
7169
_d
7169